00280nam a22001217a 4500003000400000082001400004100001700018245006100035260003500096300000700131650001200138653000800150SGT a617bC22P aPRADHAN, UMA aClinico-Bacteriological study of surgical site infection aGURUGRAMbSGT UNIVERSITYc2022 a81 aSURGERY aM.S